MARC

LEADER 00000nam0a2200000 4500
001 100647
005 20231031112153.0
010 |a 8487099203 
035 |a (RuTPU)RU\TPU\book\108311 
090 |a 100647 
100 |a 20060824d1991 m y0spay50 ba 
101 0 |a spa 
102 |a ES 
105 |a y z 000ay 
200 1 |a Una etigueta olvidada  |f Charo Garces, J. P. Nauta 
210 |a Madrid  |c Difusion  |d 1991 
215 |a 38 p. 
610 1 |a испанский язык 
610 1 |a книги для чтения 
610 1 |a художественная литература 
610 1 |a рассказы 
686 |a Ш147.21  |v LBC/SL-A  |2 rubbk 
700 1 |a Garces  |b Charo 
701 1 |a Nauta  |b J. P.  |g Jan Peter 
801 1 |a RU  |b 63413507  |c 20060824  |g PSBO 
801 2 |a RU  |b 63413507  |c 20080625  |g PSBO 
942 |c BK